Countries by navy flag - Europe - Statistics

General Stats
  • This quiz has been taken 90 times
    87 since last reset
  • The average score is 20 of 21
Answer Stats
Picture Answer % Correct
Bulgaria
99%
Croatia
99%
Denmark
99%
Germany
99%
Italy
99%
Norway
99%
Sweden
99%
Ukraine
99%
United Kingdom
99%
Estonia
97%
Poland
96%
Romania
96%
Belgium
95%
Finland
95%
Iceland
95%
Lithuania
95%
Serbia
95%
Montenegro
93%
Albania
91%
Russia
72%
Latvia
69%
No matching quizzes found
Score Distribution
Percent of People with Each Score
Percentile by Number Answered
Your Score History
You have not taken this quiz since the last reset